Great Literature #41 - Statistics

General Stats
  • This quiz has been taken 81 times
  • The average score is 7 of 20
Answer Stats
Hint Explanation Answer % Correct
Omar Khayyám 11th-12th centuries The Rubáiyát
79%
John Locke 1689 An Essay Concerning Human Understanding
71%
Umberto Eco 1988 (Il pendolo di Foucault) Foucault’s Pendulum
63%
Erica Jong 1973 Fear of Flying
59%
Euripides c. 415 BCE Trojan Women
55%
Giorgio Bassani 1962 (Il giardino dei Finzi-Contini) The Garden of the Finzi-Continis
54%
Sue Townsend 1982 The Secret Diary of Adrian Mole Aged 13 3/4
46%
Dashiell Hammett 1934 The Thin Man
45%
Alan Sillitoe 1958 Saturday Night and Sunday Morning
32%
Raymond Queneau 1959 (Zazie dans le Métro) Zazie in the Metro
32%
Philip K. Dick 1969 Ubik
27%
J. K. Huysmans 1884 (À rebours) Against Nature
25%
Italo Calvino 1957 (Il barone rampante) The Baron in the Trees
25%
Ben Okri 1991 The Famished Road
23%
Leslie Marmon Silko 1977 Ceremony
16%
Matthew Lewis 1796 The Monk
14%
John Crowley 1981 Little, Big
13%
Eric Ambler 1939 The Mask of Dimitrios
13%
Sándor Márai 1942 Embers
11%
Alejo Carpentier 1953 (Los pasos perdidos) The Lost Steps
9%
No matching quizzes found
Score Distribution
Percent of People with Each Score
Percentile by Number Answered
Your Score History
You have not taken this quiz